000 00712cam a2200229 a 4500
001 000010874
005 20200929162318.0
008 821213s1973 ve ac 000 0 spa
035 _a(DLC) 82241495
040 _aDO-SdBNP
_cDLC
_dBNPHU
082 _a553.41
_bB712L
100 1 _aBonet Isard, Antonio.
_926222
245 1 3 _aLa leyenda del oro y su realidad actual /
_cAntonio Bonet Isard.
260 _aCaracas, (Venezuela) :
_bMonte Ávila,
_c1973.
300 _a96 p., [16] p. :
_bil. ;
_c16 cm.
490 1 _aCientífica
_v52
650 4 _aGeología económica
_926223
650 4 _aOro
_xHistoria
_926224
830 0 _aCientífica ;
_v52,
_925797
910 _aCatalogación por copia / LC
049 _aBNGR
999 _c10623
_d10623